000 00170 a2200085 4500
020 _a9788484411741
100 _aARTEMIS FOWL
245 _aENCUENTRO EN EL ARTICO
942 _cBK
999 _c2741
_d2741